Normal view
MARC view
Entry Topical Term
001 - CONTROL NUMBER
- control field: 123393
003 - CONTROL NUMBER IDENTIFIER
- control field: BI-BuBU
005 - DATE AND TIME OF LATEST TRANSACTION
- control field: 20151228110223.0
008 - FIXED-LENGTH DATA ELEMENTS
- fixed length control field: 151228|||a|||||| | ||| d
040 ## - CATALOGING SOURCE
- Original cataloging agency: BI-BuBU
- Transcribing agency: BI-BuBU
150 ## - HEADING--TOPICAL TERM
- Topical term or geographic name as entry element: Croissance économique.
- Chronological subdivision: 1980
- Geographic subdivision: Etas-Unis d'Amérique.
670 ## - SOURCE DATA FOUND
- Source citation: Work cat.: (BI-BuBU): aut Hamrin,Robert D. 123392, Managing growth in the 1980's, 1980
670 ## - SOURCE DATA FOUND
- Source citation: Work cat.: (BI-BuBU): aut Hamrin,Robert D. 123392, Managing growth in the 1980's, 1980